Blackberry Winter / (Record no. 1559)

000 -LEADER
fixed length control field 00468nam a22001817a 4500
005 - DATE AND TIME OF LATEST TRANSACTION
control field 20210427081018.0
008 - FIXED-LENGTH DATA ELEMENTS--GENERAL INFORMATION
fixed length control field 210219b1972 ||||| |||| 00| 0 eng d
040 ## - CATALOGING SOURCE
Transcribing agency DLC
041 ## - LANGUAGE CODE
Language code of text/sound track or separate title eng
080 ## - UNIVERSAL DECIMAL CLASSIFICATION NUMBER
Universal Decimal Classification number 92
Item number M-45
100 ## - MAIN ENTRY--PERSONAL NAME
9 (RLIN) 988
Personal name Mead.Margaret
245 ## - TITLE STATEMENT
Title Blackberry Winter /
Remainder of title My earlier years
260 ## - PUBLICATION, DISTRIBUTION, ETC.
Place of publication, distribution, etc. New York
Name of publisher, distributor, etc. William morrow & company
300 ## - PHYSICAL DESCRIPTION
Extent 351 p.:
Other physical details ill
650 #0 - SUBJECT ADDED ENTRY--TOPICAL TERM
9 (RLIN) 237
Topical term or geographic name entry element Biography
653 ## - INDEX TERM--UNCONTROLLED
Uncontrolled term ბიოგრაფია
942 ## - ADDED ENTRY ELEMENTS (KOHA)
Source of classification or shelving scheme
Koha item type Books
Holdings
Withdrawn status Lost status Source of classification or shelving scheme Damaged status Not for loan Permanent location Current location Date acquired Inventory number Total Checkouts Full call number Barcode Date last seen Price effective from Koha item type
          Ken Walker International University Ken Walker International University 02/19/2021 544   92 M-45 544 02/19/2021 02/19/2021 Books

Powered by Koha